[Event "Pan American-ch School U17 12th"]
[Site "Callao"]
[Date "2023.10.20"]
[Round "8"]
[White "Aviles Portal, Pedro Carlos"]
[Black "Salazar Flores, Yerick Alexander"]
[Result "0-1"]
[WhiteElo "1608"]
[BlackElo "1717"]
[PlyCount "134"]
[EventDate "2023.10.16"]
[EventType "swiss"]
[EventRounds "9"]
[EventCountry "PER"]
[SourceTitle "Mega2024 Update 01"]
[Source "Chessbase"]
[SourceDate "2023.11.12"]
[SourceVersion "1"]
[SourceVersionDate "2023.11.12"]
[SourceQuality "1"]

1. d4 d5 2. Bf4 c5 3. e3 Nc6 4. Nf3 Nf6 5. c3 Qb6 6. b3 Bf5 7. dxc5 Qxc5 8. b4 Qb6 9. Nbd2 e6 10. Qb3 Be7 11. Be2 Nh5 12. Bg5 Bxg5 13. Nxg5 Nf6 14. a4 0-0 15. 0-0 Rac8 16. Rfc1 Ne5 17. c4 dxc4 18. Nxc4 Nxc4 19. Rxc4 h6 20. a5 Qd6 21. Rd1 Qe7 22. Nf3 Be4 23. Qb2 Rxc4 24. Bxc4 Rc8 25. Ne5 Rd8 26. Rxd8+ Qxd8 27. Qd4 Qxd4 28. exd4 Kf8 29. f3 Bd5 30. Bxd5 Nxd5 31. Nd7+ Ke7 32. Nc5 Nxb4 33. Nxb7 Nc6 34. Kf2 Nxd4 35. Ke3 Nb3 36. Kd3 Kd7 37. Kc3 Kc7 38. a6 Nc1 39. Nc5 Ne2+ 40. Kc4 Kc6 41. Nd3 Kd6 42. g3 Ng1 43. f4 Nf3 44. h4 Nd2+ 45. Kd4 Nf1 46. g4 Nh2 47. Ne5 f6 48. Nc4+ Kc6 49. Ne3 Nf3+ 50. Ke4 Nxh4 51. f5 exf5+ 52. gxf5 Kb6 53. Kf4 h5 54. Nd5+ Kxa6 55. Nc7+ Kb6 56. Ne6 a5 57. Nxg7 a4 58. Nxh5 a3 59. Nxf6 a2 60. Nd5+ Kc5 61. f6 Kxd5 62. f7 a1Q 63. f8Q Ng6+ 64. Kg5 Nxf8 65. Kh6 Qg1 66. Kh5 Qg3 67. Kh6 Qg6# 0-1

[Event "Pan American-ch School U17 12th"]
[Site "Callao"]
[Date "2023.10.17"]
[Round "4"]
[White "Aviles Portal, Pedro Carlos"]
[Black "Cifuentes Camacho, Miguel Angel"]
[Result "1/2-1/2"]
[WhiteElo "1608"]
[BlackElo "1835"]
[PlyCount "91"]
[EventDate "2023.10.16"]
[EventType "swiss"]
[EventRounds "9"]
[EventCountry "PER"]
[SourceTitle "Mega2024 Update 01"]
[Source "Chessbase"]
[SourceDate "2023.11.12"]
[SourceVersion "1"]
[SourceVersionDate "2023.11.12"]
[SourceQuality "1"]

1. d4 c5 2. e3 Nf6 3. Bd3 e6 4. Nf3 d5 5. c3 Nc6 6. Nbd2 Be7 7. 0-0 0-0 8. Re1 Qb6 9. dxc5 Bxc5 10. Nb3 Rd8 11. Qc2 e5 12. Nxc5 Qxc5 13. b4 Qb6 14. e4 d4 15. a3 Bg4 16. c4 Nh5 17. b5 Bxf3 18. bxc6 Bg4 19. cxb7 Qxb7 20. f3 Be6 21. Bd2 Rdc8 22. Rec1 Nf6 23. Qa4 Nd7 24. Rab1 Nc5 25. Rxb7 Nxa4 26. Bb4 Nb2 27. Bf1 Bxc4 28. Bd6 Bxf1 29. Rxc8+ Rxc8 30. Rxb2 Ba6 31. Bxe5 d3 32. Kf2 f6 33. Bd4 Rc7 34. Be3 Kf7 35. Bd2 g5 36. Ke3 Ke6 37. Rb4 h5 38. Ra4 Bb5 39. Ra5 Bc4 40. Rf5 Ba6 41. h4 gxh4 42. Rxh5 Rg7 43. Kf2 Rb7 44. Rxh4 Rb2 45. Ke3 Ra2 46. Rh6 1/2-1/2

[Event "Pan American-ch School U17 12th"]
[Site "Callao"]
[Date "2023.10.17"]
[Round "3"]
[White "Venegas Fernandez, Gabriel"]
[Black "Aviles Portal, Pedro Carlos"]
[Result "0-1"]
[WhiteElo "1388"]
[BlackElo "1608"]
[PlyCount "118"]
[EventDate "2023.10.16"]
[EventType "swiss"]
[EventRounds "9"]
[EventCountry "PER"]
[SourceTitle "Mega2024 Update 01"]
[Source "Chessbase"]
[SourceDate "2023.11.12"]
[SourceVersion "1"]
[SourceVersionDate "2023.11.12"]
[SourceQuality "1"]

1. d4 Nf6 2. Bg5 g6 3. Bxf6 exf6 4. Nf3 Bg7 5. e3 0-0 6. Bd3 d5 7. Nbd2 Be6 8. Rc1 c6 9. c4 Qa5 10. a3 f5 11. 0-0 Nd7 12. Nb3 Qb6 13. Qc2 Rac8 14. c5 Qc7 15. Nfd2 b6 16. Nb1 Rfd8 17. Rfd1 Bf8 18. cxb6 Qxb6 19. N1d2 c5 20. dxc5 Nxc5 21. Nxc5 Bxc5 22. Qb3 Bxe3 23. Qxb6 Bxb6 24. Nf3 d4 25. Ba6 Bb3 26. Rxc8 Rxc8 27. Bxc8 Bxd1 28. Nd2 Be2 29. Bb7 d3 30. Ba6 Bd4 31. b3 Bc3 32. Nb1 Bb2 33. a4 Kf8 34. Bc4 Ke7 35. f4 Bd4+ 36. Kh1 h6 37. h3 f6 38. Kh2 g5 39. g3 Kd6 40. Kg2 Kc5 41. a5 Kb4 42. a6 Be3 43. h4 gxf4 44. gxf4 Bc1 45. Kg3 Bd1 46. Bxd3 Kxb3 47. Bxf5 Bc2 48. Bxc2+ Kxc2 49. Kg4 Kxb1 50. f5 Kc2 51. Kh5 Bg5 52. hxg5 hxg5 53. Kg6 g4 54. Kxf6 g3 55. Ke7 g2 56. f6 g1Q 57. f7 Qc5+ 58. Ke8 Qc8+ 59. Ke7 Qxa6 0-1

[Event "South America School 24th"]
[Site "Arequipa"]
[Date "2018.12.06"]
[Round "7.3"]
[White "Alvarez Urdanegui, Joiarib"]
[Black "Aviles Portal, Pedro Carlos"]
[Result "1-0"]
[WhiteElo "1604"]
[BlackElo "1413"]
[PlyCount "56"]
[EventDate "2018.12.03"]
[EventType "team-swiss"]
[EventRounds "9"]
[EventCountry "PER"]
[SourceTitle "EXT 2024"]
[Source "ChessBase"]
[SourceDate "2023.10.10"]
[SourceVersion "1"]
[SourceVersionDate "2023.10.10"]
[SourceQuality "1"]
[WhiteTeam "Peru U14"]
[BlackTeam "Bolivia U14"]
[WhiteTeamCountry "PER"]
[BlackTeamCountry "BOL"]

1. c4 e6 2. Nf3 d5 3. e3 Nf6 4. b3 b6 5. Be2 Bb7 6. 0-0 Bd6 7. Bb2 Nbd7 8. d4 0-0 9. Nbd2 c5 10. Ne5 Ne4 11. Nxe4 Bxe5 12. dxe5 dxe4 13. Qd6 Nb8 14. Rad1 Nc6 15. f4 Qc8 16. Qd2 Nb4 17. a3 Rd8 18. Qxd8+ Qxd8 19. Rxd8+ Rxd8 20. axb4 cxb4 21. Rd1 Rb8 22. Rd7 a5 23. Bd4 Bc6 24. Rd6 Be8 25. Rxb6 Rxb6 26. Bxb6 a4 27. bxa4 Bxa4 28. Bd4 b3 1-0